Представление документа в формате RUSMARC

ПолеНазваниеЗначение
  Тип записи a
  Библиографический уровень m
001 Контрольный номер RU/IS/BASE/311355177
005 Дата корректировки 20211025112900.3
010 Индекс ISBN __
d Цена 0-65
100 Данные общей обработки __
a Данные общей обработки 20211025d1990 e y0rusy028902 ca
101 Язык документа 0_
a Язык текста rus
c Язык оригинала rus
102 Страна публикации __
a Страна публикации RU
105 Кодированные данные (монография) __
a Кодированные данные (монография) a z 000ay
181 Поле кодированных данных: вид содержания _0
a Код вида содержания (ISBD) i
182 Поле кодированных данных: тип средства _0
a Код типа средства (ISBD) n
200 Заглавие и сведения об ответственности 1_
a Заглавие Накануне
e Сведения, относящиеся к заглавию роман : для ст. шк. возраста
f Первые сведения об ответственности И. С. Тургенев
b Общее обозначение материала Текст
210 Выходные данные 1_
a Место издания М.
c Издательство Дет. лит.
d Дата издания 1990
215 Физическое описание __
a Объем 174 с.
c Иллюстрации/тип воспроизводства ил.
333 Примечание о целевом назначении __
a Примечание о целевом назначении 16+. Для детей старше 16 лет
606 Тематические рубрики __
a Основная рубрика Художественная литература
606 Тематические рубрики __
a Основная рубрика Русская литература XIX в. (произведения)
610 Ключевые слова 0_
a Ключевые слова детская литература; проза; романы
686 Индексы других классификаций __
a Классификационный индекс 84(2=411.2)52-4
700 Автор _1
a Фамилия Тургенев
b Имя И. С.
4 Код отношения 070
801 Источник записи _0
a Страна RU
b Организация Муниципальное бюджетное учреждение культуры "Централизованная библиотечная система" г. Сургут (Центральная городская библиотека им. А. С. Пушкина)
g Правила каталогизации КиК/Лебедева
801 Источник записи _1
a Страна RU
b Организация Муниципальное бюджетное учреждение культуры "Централизованная библиотечная система" г. Сургут (Центральная городская библиотека им. А. С. Пушкина)
g Правила каталогизации КиК/Лебедева
852 Данные о местонахождении __
j Шифр хранения 84(2=411.2)52-4
c Каталожный индекс 84(2Рос=Рус)1-4
i Авторский знак Т 87
p Инвентарный номер 43123
901 Тип документа __
t Тип документа m
903 Характеристики (МАРС) __
a Дата передачи 20091112
990 Данные о заказе (DOS) __
j Количество экземпляров (DOS) 6
t N записи в КСУ для И/У (DOS) ретро 2